| 000 | 00929nam a2200241Ii 4500 | ||
|---|---|---|---|
| 003 | JO-AjNU | ||
| 008 | 230605s9999||||xx |||||||||||||| ||und|| | ||
| 017 | _a2008/7362 | ||
| 020 | _a978-99901-38-25-2 | ||
| 040 |
_aJO-AjNU _bara _erda _cJO-AjNU |
||
| 041 | _aara | ||
| 050 | 1 | 4 | _aK564.2008 |
| 100 | 3 |
_a عبابنة ، علاء الدين محمد ذيب , _eauthor _953042 |
|
| 245 | 0 | 0 | _aدراسات في قانون التجارة الإلكترونية البحريني والمقارن |
| 250 | _aط1 | ||
| 264 | 3 | 1 | _aمملكة البحرين :مؤسسة فخراوي للدراسات والنشر ، 2008 |
| 300 | _a333ص | ||
| 336 |
_atext _btxt _2rdacontent |
||
| 337 |
_aunmediated _bn _2rdamedia |
||
| 338 |
_avolume _bnc _2rdacarrier |
||
| 490 | 0 | _aسلسلة الكتب القانونية (18) | |
| 650 | 4 |
_a دراسات -- قانون -- تجارة الكترونية -- مملكة البحرين _953043 |
|
| 999 |
_aA23533 _c27101 _d27101 |
||